01328nam a22002057a 450000500170000000800410001702000180005804000070007604100080008308200220009110000270011324500190014026000440015930000270020352006870023065000280091794200120094599900190095795201460097620260123111918.0241125b ||||| |||| 00| 0 eng d a9780008640170 cAL aeng 223a823.914bARCE aJeffrey Archer9252360 aEye for an eye aDublinbHarper Collins Publishersc2024 aviii,373pbPBc19x13cm aIn one of the most luxurious cities on earth, a billion-dollar deal is about to go badly wrong. A lavish night out is about to end in murder. And the British government is about to be plunged into crisis. Thousands of miles away, in the leafy Berkshire countryside, Lord Hartley, the latest in a line of peers going back over two hundred years, lies dying. But his will triggers an inheritance with explosive consequences. Two deaths. Continents apart. Completely unrelated. So why are they at the centre of a master criminal's plot for revenge? And can Scotland Yard’s Chief Superintendent William Warwick uncover the truth before an innocent man's life and legacy are destroyed? aEnglish Fiction9186410 2ddccBK c231986d231986 00102ddc40708ENGaALbALd2024-11-21eamazon.ing324.00l1o823.914 ARCEp077415r2026-01-02 10:05:09s2025-12-19v324.00w2024-11-25yBK